KOHA-Header-6

Python 3 Object-Oriented Programming: Build robust and maintainable software with object-oriented design patterns in Python (Record no. 12872)

000 -LEADER
fixed length control field 00430nam a22001337a 4500
020 ## - INTERNATIONAL STANDARD BOOK NUMBER
ISBN 978-1789615852
-- 1789615852
082 ## - DEWEY DECIMAL CLASSIFICATION NUMBER
Classification number 005.117
100 ## - MAIN ENTRY--AUTHOR NAME
Personal name Phillips,Dusty
245 ## - TITLE STATEMENT
Title Python 3 Object-Oriented Programming: Build robust and maintainable software with object-oriented design patterns in Python
250 ## - EDITION STATEMENT
Edition statement 3rd
260 ## - PUBLICATION, DISTRIBUTION, ETC. (IMPRINT)
Place of publication UK
Name of publisher Packt Publishing
Year of publication 2018
300 ## - PHYSICAL DESCRIPTION
Number of Pages 466 pages
Other physical details 7.5 x 1.05 x 9.25 inches
942 ## - ADDED ENTRY ELEMENTS (KOHA)
Koha item type Books
Holdings
Withdrawn status Lost status Collection code Permanent Location Current Location Shelving location Date acquired Full call number Accession Number Koha item type
    Computer Languages Computing and Engineering Library Block-D Computing and Engineering Library Block-D Shelf No.A32 2020-12-22 005.117 9994 Computer Languages
    Computer Languages MAJU MAJU Shelf No.A32 2020-12-22 005.117 9993 Computer Languages
    Computer Languages MAJU MAJU Shelf No.A32 2020-12-22 005.117 9995 Computer Languages

Powered by Koha